000 00639nam a2200169 a 4500
008 120416s1996 ||||||||||||||||| || u
050 _aIMF(02)
110 _aINTERNATIONAL MONETARY FUND(IMF)
245 1 0 _aIMF glossary : English-French-Arabic
260 _aWashington, D. C.
_bIMF
_c1996
300 _avii, 474p.
350 _a0.00
650 _aDICTIONARIES
650 _aINTERNATIONAL FINANCE--DICTIONARIES--PLOYGLOT
650 _aINTERNATIONAL MONETARY FUND--DICTIONARIES--POLYGLOT
995 _D0.00
_FCBU-MAIN LIBRARY (Kitwe)
_H1
_I0.00
_M1
_UAVAILABLE
_ZAnnex Low-Usage Collection
999 _c46190
_d46190